000 00418nam a2200169 a 4500
001 0000-8816
003 ELIB.Books
008 110520 1965
035 _a(ELIB.Books)0000-8962
082 _a223.2
_bJam
100 _aJames, Fleming
245 _aThirty Psalmists
260 _bNew York: The Seabury Press
_c1965
650 _aOld Testament
942 _2ddc
_cBK
998 _cbat
_e2011-05-20
999 _c8816
_d8816